Statistics for Top 100 Biggest Cities in Kentucky

Click here to take the quiz!

General Stats

  • This quiz has been taken 830 times
    (675 since last reset)
  • The average score is 26 of 100

Answer Stats

#CityPopulation% Correct
1Louisville617,638
97%
2Lexington323,152
96%
3Bowling Green70,543
85%
14Frankfort27,755
83%
4Owensboro60,131
73%
16Paducah24,865
69%
5Covington40,341
63%
11Elizabethtown30,289
56%
8Florence33,004
51%
6Richmond36,157
51%
7Georgetown34,992
49%
18Ashland20,146
46%
64Pikeville6,551
45%
51London8,068
43%
10Hopkinsville30,680
42%
29Newport14,932
40%
24Danville16,769
38%
19Murray19,327
38%
9Nicholasville30,865
37%
53Morehead7,562
36%
25Shelbyville16,585
35%
34Somerset11,585
35%
27Berea16,026
34%
80Hazard4,860
34%
13Henderson28,207
33%
22Winchester18,548
33%
32Bardstown13,253
32%
15Jeffersontown27,715
32%
38Mayfield9,817
32%
40Paris9,671
32%
41Versailles9,318
30%
31Glasgow14,485
29%
57Corbin7,202
27%
20Erlanger19,246
27%
12Independence28,521
26%
21Madisonville18,621
26%
47Maysville8,728
26%
17Radcliff22,914
26%
45Franklin9,010
25%
30Mount Washington14,817
25%
44La Grange9,031
23%
69Union6,034
23%
36Campbellsville11,482
22%
33Shepherdsville12,442
22%
67Cynthiana6,337
21%
26Fort Thomas16,263
21%
49Harrodsburg8,533
21%
90Paintsville3,990
21%
43Middlesboro9,084
20%
56Mount Sterling7,231
20%
39Alexandria9,715
19%
74Lebanon5,708
19%
28Shively15,689
19%
23St. Matthews18,105
19%
77Williamsburg5,274
19%
81Columbia4,604
18%
92Grayson3,894
18%
35Lawrenceburg11,509
18%
50Fort Mitchell8,241
17%
61Leitchfield6,858
17%
52Middletown7,877
17%
70Monticello5,988
17%
58Russellville7,109
17%
84Benton4,463
16%
95Carrollton3,780
16%
60Highland Heights7,065
16%
91Williamstown3,909
16%
79Prospect4,905
15%
T87Walton4,058
15%
73Bellevue5,721
14%
72Central City5,730
14%
86Greenville4,204
14%
68Princeton6,115
14%
82Scottsville4,541
14%
63Cold Spring6,571
13%
78Crestwood5,081
13%
76Dayton5,609
13%
97Beaver Dam3,571
12%
37Lyndon11,423
12%
96Stanford3,662
12%
42Hillview9,225
11%
62Taylor Mill6,802
11%
54Villa Hills7,461
11%
93Crittenden3,876
10%
71Fort Wright5,745
10%
94Lancaster3,867
10%
99West Liberty3,520
10%
48Elsmere8,595
9%
83Ludlow4,504
9%
100Morganfield3,366
9%
46Edgewood8,759
8%
59Flatwoods7,079
8%
98Prestonburg3,532
8%
89Southgate4,013
8%
65Vine Grove6,439
8%
66Wilmore6,435
8%
T87Crescent Springs4,058
7%
85Hurstbourne4,388
6%
55Oak Grove7,320
6%
75Douglass Hills5,717
3%

Score Distribution

Percentile by Number Answered

Percent of People with Each Score

Your Score History

You have not taken this quiz since the last reset